Queen Charlotte Quiz - Statistics

General Stats
  • This quiz has been taken 123 times
  • The average score is 8 of 12
Answer Stats
Hint Answer % Correct
Charlotte tries to escape her wedding by climbing a ...? Wall
97%
How many children did George and Charlotte have? 15
90%
Charlotte and her brother arrived in London from where? Germany
90%
How many paces behind Charlotte does Brimsley walk? 5
89%
Who is the queens most 'discrete' lady in waiting? Lady danbury
86%
Which estate did George stay in on his wedding night, without Charlotte? Kew
70%
What does Violet's father make fancy versions of as a birthday tradition? hats
57%
What does everyone call the recent mixing of races in the ton and palace? the great experiment
53%
What is Violet's maiden name? Ledger
50%
What is Lord Danbury's favourite colour? Gold
45%
Who dies causing Queen Charlotte to search for a new heir? Princess Charlotte
19%
What does Violets father call a stroll with no destination? Ramble
17%
No matching quizzes found
Score Distribution
Percent of People with Each Score
Percentile by Number Answered
Your Score History
You have not taken this quiz